000 00697nam a2200229Ia 4500
003 OSt
005 20220925195354.0
006 a|||||r|||| 00| 0
007 ta
008 220923b |||||||| |||| 00| 0 eng d
037 _cGeneral Book
040 _aRTL
_cRTL
_beng
041 _2eng
_aeng
082 _aY:5.256sP11, Q2.2
100 _aCENSUS OF INDIA 2011
245 0 _aProvisional Population Totals, Rural - Urban Distribution
_b Chhattisgarh
260 _aChhattisgarh
_bGovt. Press India
_c2012
300 _axi, 188p
_ccm.
490 _vPaoer 2, Volume II
_a23
942 _hY:5.256sP11, Q2.2
_cGB
_2CC
999 _c532719
_d532719